Cena Oskára Čepana 2008

Bibliographic Details
Main Author: Gavulová, Lucia (Author)
Format: Article
Language:Slovak
PhysicalDescription:Fotogr.
ISSN:1335-9770
Subjects:

MARC

LEADER 00000nab a2200000 ar4500
001 vtls009497160
003 SK-MaSNL
005 20260426070659.0
008 090430c2008 xo qr|p|||||||000 b|slo
015 |a SNBRB2009/04  |2 snkbucl 
038 |a SNKBUCL 
040 |a SNKBUCL  |b slo  |c SNKBUCL  |e AACR2 
041 0 |a slo 
044 |a xo  |c SK 
080 |a 73/76:06.068  |x (437.6)  |2 2001 
080 |a 06.068:73/76  |x (437.6)  |2 2001 
100 1 |a Gavulová, Lucia  |4 aut  |9 267121 
245 1 0 |a Cena Oskára Čepana 2008  |c Lucia Gavulová 
300 |b Fotogr. 
600 1 7 |a Feriancová, Petra,  |d 1977-  |2 snkbucl  |9 315947 
600 1 7 |a Šicko, Ján,  |d 1977-  |2 snkbucl  |9 237308 
600 1 7 |a Varga, Jaroslav,  |d 1982-  |2 snkbucl  |9 1323849 
600 1 7 |a Mikita, Svätopluk,  |d 1973-  |2 snkbucl  |9 1323850 
650 0 7 |a výtvarné ceny  |2 snkbucl  |9 854582 
650 0 7 |a Cena Oskára Čepana  |y za r. 2008  |2 snkucl  |9 1034175 
651 7 |a Slovensko  |2 snkbucl  |9 14231 
773 0 |t Profil  |g Roč. XV, č. 3 (2008), s. 62-69  |x 1335-9770 
852 |a SNK  |b KIS3GCP 
958 |a SK 
999 |c 2670091  |d 2672021